Rubber technology handbook: Smallscale rubber industries (Record no. 22551)

MARC details
000 -LEADER
fixed length control field 00433nam a2200157Ia 4500
082 ## - DEWEY DECIMAL CLASSIFICATION NUMBER
Classification number NR:62
Item number GOE
100 ## - MAIN ENTRY--AUTHOR NAME
Personal name Goel, R K
245 #0 - TITLE STATEMENT
Title Rubber technology handbook: Smallscale rubber industries
260 ## - PUBLICATION, DISTRIBUTION, ETC. (IMPRINT)
Place of publication Delhi
Name of publisher SBP
490 ## - SERIES STATEMENT
Series statement Chemical and Allied Engineering series
650 ## - SUBJECT ADDED ENTRY--TOPICAL TERM
Topical Term Dipped rubber goods
650 ## - SUBJECT ADDED ENTRY--TOPICAL TERM
Topical Term Latex foam
650 ## - SUBJECT ADDED ENTRY--TOPICAL TERM
Topical Term Rubber compounding
942 ## - ADDED ENTRY ELEMENTS (KOHA)
Koha item type Books
Holdings
Withdrawn status Lost status Damaged status Not for loan Home library Current library Date acquired Cost, normal purchase price Full call number Accession Number Koha item type
        RRII Library RRII Library 16/12/2021 40.00 NR:62 GOE 03271 Books